[Event "ECC"]
[Site "Halkidiki GRE"]
[Date "2002.09.26"]
[Round "5"]
[White "Pinchuk,S"]
[Black "Weisbuch,U"]
[Result "1-0"]
[WhiteElo "2425"]
[BlackElo "2306"]
[EventDate "2002.09.22"]

1. c4 Nf6 2. Nc3 g6 3. e4 d6 4. d4 Bg7 5. Be2 O-O 6. Bg5 h6 7. Be3 e5 8. d5
c6 9. Qd2 Kh7 10. h4 cxd5 11. cxd5 Ng8 12. h5 g5 13. g4 Bf6 14. f3 Qd7 15.
Bb5 Qc7 16. Bd3 Qd7 17. Nh3 Bd8 18. a3 Qe7 19. Nf2 Nd7 20. O-O Nc5 21. Bc2
Bb6 22. b4 Nd7 23. Na4 Bxe3 24. Qxe3 Qd8 25. Bd3 Ngf6 26. Rfc1 a6 27. Be2
Ne8 28. Kg2 f6 29. Nd1 Rf7 30. Ndb2 Rb8 31. Nc3 Qb6 32. Qxb6 Nxb6 33. a4
Rc7 34. a5 Nd7 35. Nca4 b5 36. axb6 Nxb6 37. Nxb6 Rxb6 38. Rxc7+ Nxc7 39.
Rc1 Rb7 40. Nc4 Nb5 41. Nxe5 Nd4 42. Bxa6 Ra7 43. Rxc8 Rxa6 44. Rc7+ Kg8
45. Nc4 Ra2+ 46. Kf1 Nb5 47. Rc8+ Kh7 48. Rb8 Nd4 49. b5 Rc2 50. Rc8 Nxf3
51. Rc7+ Kg8 52. b6 1-0

[Event "ECC"]
[Site "Halkidiki GRE"]
[Date "2002.09.26"]
[Round "5"]
[White "Van Wely,L"]
[Black "Kiik,K"]
[Result "1-0"]
[WhiteElo "2645"]
[BlackElo "2450"]
[EventDate "2002.09.22"]

1. d4 Nf6 2. c4 e6 3. Nc3 Bb4 4. Qc2 c5 5. dxc5 O-O 6. a3 Bxc5 7. Nf3 b6 8.
Bg5 Bb7 9. e3 h6 10. Bh4 Be7 11. Be2 d6 12. O-O Nbd7 13. Rfd1 a6 14. Bg3
Nc5 15. Nd2 Rc8 16. Rac1 Re8 17. h3 Ncd7 18. b4 Bf8 19. Qb1 Qc7 20. Nde4
Nxe4 21. Nxe4 Bxe4 22. Qxe4 a5 23. Qd4 e5 24. Qd2 axb4 25. axb4 Ra8 26. Bf3
Ra4 27. Rc2 Nf6 28. Bh4 g5 29. Bg3 Qc8 30. Ra2 Rxa2 31. Qxa2 h5 32. b5 h4
33. Bh2 Qc5 34. Bc6 Rc8 35. Qc2 Rxc6 36. bxc6 Qxc6 37. Qf5 Nh7 38. Qd3 Nf6
39. Kh1 Be7 40. Re1 Ne4 41. Bg1 Kg7 42. Kh2 Nc5 43. Qb1 e4 44. Rd1 Nd3 45.
Qb3 Bf6 46. Kh1 Be5 47. Rb1 Qa8 48. Bh2 Nxf2+ 49. Kg1 Nd3 50. Bxe5+ dxe5
51. Qxb6 1-0

[Event "ECC"]
[Site "Halkidiki GRE"]
[Date "2002.09.26"]
[Round "5"]
[White "Degraeve,JM"]
[Black "Lampen,T"]
[Result "0-1"]
[WhiteElo "2586"]
[BlackElo "2315"]
[EventDate "2002.09.22"]

1. e4 e6 2. d4 d5 3. Nc3 Nf6 4. e5 Nfd7 5. f4 c5 6. Nf3 Nc6 7. Be3 cxd4 8.
Nxd4 Qb6 9. Qd2 Qxb2 10. Rb1 Qa3 11. Bb5 Nxd4 12. Bxd4 Bb4 13. O-O a6 14.
Rb3 Qa5 15. Rfb1 Be7 16. Bxd7+ Bxd7 17. Rxb7 Rc8 18. Qe3 Rc4 19. f5 exf5
20. Kh1 Be6 21. Rb8+ Bc8 22. e6 O-O 23. exf7+ Rxf7 24. R1b7 Qd8 25. Nxd5
Qxd5 26. Rxe7 Rxc2 27. Qd2 Qc6 28. Re8+ Rf8 29. Rxf8+ Kxf8 0-1

[Event "ECC"]
[Site "Halkidiki GRE"]
[Date "2002.09.26"]
[Round "5"]
[White "Nivala,T"]
[Black "Conquest,S"]
[Result "0-1"]
[WhiteElo "2218"]
[BlackElo "2542"]
[EventDate "2002.09.22"]

1. e4 c6 2. d4 d5 3. e5 Bf5 4. Nc3 a6 5. Nge2 e6 6. Nf4 c5 7. g4 Bg6 8. Be3
Nc6 9. h4 cxd4 10. Bxd4 Bxc2 11. Qxc2 Nxd4 12. Qa4+ Nc6 13. O-O-O Bb4 14.
Ncxd5 exd5 15. e6 Nge7 16. exf7+ Kxf7 17. Bg2 Qc8 18. Nxd5 Qxg4 19. Qb3
Nxd5 20. Bxd5+ Kf6 21. a3 Qf5 22. Bc4 Rac8 23. axb4 Ne5 24. Rd6+ Ke7 25.
Rd4 Rhd8 26. Rhd1 Rxd4 27. Rxd4 Nxc4 28. Rxc4 Qf4+ 0-1

[Event "ECC"]
[Site "Halkidiki GRE"]
[Date "2002.09.26"]
[Round "5"]
[White "Apicella,M"]
[Black "Porrasmaa,T"]
[Result "1-0"]
[WhiteElo "2510"]
[BlackElo "2216"]
[EventDate "2002.09.22"]

1. e4 Nc6 2. Nf3 d6 3. d4 Nf6 4. Nc3 Bg4 5. Be3 e6 6. h3 Bh5 7. d5 exd5 8.
exd5 Bxf3 9. Qxf3 Ne5 10. Qe2 Be7 11. O-O-O O-O 12. f4 Ned7 13. g4 Nc5 14.
Bd4 Re8 15. g5 Bf8 16. Qf3 Nfe4 17. Nxe4 Nxe4 18. Bb5 Re7 19. Rhg1 a6 20.
Bd3 Qe8 21. f5 Nc5 22. Bxc5 dxc5 23. g6 fxg6 24. fxg6 h6 25. d6 cxd6 26.
Bc4+ Kh8 27. Qd5 1-0

[Event "ECC"]
[Site "Halkidiki GRE"]
[Date "2002.09.26"]
[Round "5"]
[White "Saastamoinen,A"]
[Black "Moingt,JC"]
[Result "1/2-1/2"]
[WhiteElo "2172"]
[BlackElo "2284"]
[EventDate "2002.09.22"]

1. e4 c5 2. Nf3 d6 3. d4 cxd4 4. Nxd4 Nf6 5. Nc3 g6 6. Be3 Bg7 7. f3 O-O 8.
Qd2 Nc6 9. Bc4 Bd7 10. O-O-O Rc8 11. Bb3 Ne5 12. h4 h5 13. Kb1 a5 14. a4
Nc4 15. Bxc4 Rxc4 16. b3 Rc8 17. Ndb5 Be6 18. Bd4 Rc6 1/2-1/2

[Event "ECC"]
[Site "Halkidiki GRE"]
[Date "2002.09.26"]
[Round "5"]
[White "Atakisi,U"]
[Black "Romanishin,O"]
[Result "1/2-1/2"]
[WhiteElo "2361"]
[BlackElo "2559"]
[EventDate "2002.09.22"]

1. e4 e5 2. Nf3 Nc6 3. Bb5 a6 4. Ba4 Nf6 5. O-O Be7 6. Re1 d6 7. c3 Bg4 8.
d3 Nd7 9. Nbd2 Nc5 10. Bc2 Ne6 11. Nf1 Ng5 12. Bxg5 Bxg5 13. h3 Bxf3 14.
Qxf3 O-O 15. Ne3 g6 16. g3 Bxe3 17. fxe3 f5 18. Rf1 Qd7 19. Kg2 Kg7 20.
exf5 Rxf5 21. Qe2 Raf8 22. d4 Rxf1 23. Rxf1 Rxf1 24. Qxf1 d5 25. Ba4 b5 26.
Bb3 Qd6 27. Qf3 e4 28. Qf4 Qxf4 29. exf4 Ne7 30. Kf2 Kf6 31. g4 c6 32. Bd1
Nc8 33. Ke3 Nd6 34. Be2 g5 35. f5 a5 36. Bf1 h6 37. Be2 Ke7 38. a3 a4 39.
Bf1 h5 40. Be2 hxg4 41. hxg4 Ne8 42. Kd2 Kd6 43. Ke3 Nf6 44. Kd2 Kc7 45.
Ke3 Kb6 46. Kd2 c5 47. Ke3 Ng8 48. Kd2 cxd4 49. cxd4 Nf6 50. Kc3 Ka5 51.
Bd1 Ne8 52. b4+ axb3 53. Bxb3 Nf6 54. Bd1 Ne8 55. Bb3 Nf6 56. Bd1 Ne8
1/2-1/2

[Event "ECC"]
[Site "Halkidiki GRE"]
[Date "2002.09.26"]
[Round "5"]
[White "Volokitin,And"]
[Black "Yeke,S"]
[Result "1-0"]
[WhiteElo "2545"]
[BlackElo "2258"]
[EventDate "2002.09.22"]

1. e4 c5 2. Nf3 Nc6 3. d4 cxd4 4. Nxd4 Qc7 5. Nc3 e6 6. Be2 a6 7. O-O Nf6
8. Kh1 Be7 9. f4 d6 10. a4 O-O 11. Be3 Re8 12. Bg1 Bf8 13. Qd3 Bd7 14. a5
Rac8 15. Nb3 Nb4 16. Qg3 Bc6 17. Bd3 g6 18. Bb6 Qb8 19. Bd4 Nh5 20. Qf2
Nxd3 21. cxd3 f5 22. Nd2 Qc7 23. Nc4 Bh6 24. Be3 fxe4 25. dxe4 Rf8 26. Qd2
Rcd8 27. Bb6 Qe7 28. Bxd8 Qxd8 29. Qxd6 Qh4 30. Qxe6+ Kg7 31. Qh3 Qxh3 32.
gxh3 Nxf4 33. Ne5 Be8 34. Nd5 Nxd5 35. exd5 Bf4 36. Nd3 1-0

[Event "ECC"]
[Site "Halkidiki GRE"]
[Date "2002.09.26"]
[Round "5"]
[White "Guner,B"]
[Black "Sulypa,A"]
[Result "0-1"]
[WhiteElo "2142"]
[BlackElo "2505"]
[EventDate "2002.09.22"]

1. Nf3 d5 2. d4 c6 3. c4 e6 4. e3 Nf6 5. Nbd2 c5 6. dxc5 Bxc5 7. a3 a5 8.
cxd5 exd5 9. Nb3 Bd6 10. Nbd4 O-O 11. b3 Nc6 12. Bb2 Qe7 13. Be2 Rd8 14.
Qc2 Nxd4 15. Nxd4 Ne4 16. O-O Bd7 17. g3 Rac8 18. Qd3 Bh3 19. Rfc1 Rxc1+
20. Bxc1 Qf6 21. Bf3 Bf5 22. Qe2 Be5 23. Bb2 Ng5 24. Bg2 Nh3+ 25. Bxh3 Bxh3
26. Qh5 Bc8 27. Rc1 g6 28. Qe2 Qe7 29. Qb5 Bh3 30. Qe2 h5 31. a4 Re8 32. f3
Bg7 33. Kf2 Bh6 34. f4 Bg4 35. Qd3 Bg7 36. Qc3 Qe4 37. Qd2 h4 38. Kg1 h3
39. Bc3 Rc8 0-1

[Event "ECC"]
[Site "Halkidiki GRE"]
[Date "2002.09.26"]
[Round "5"]
[White "Kozakov,M"]
[Black "Bolcan,E"]
[Result "1-0"]
[WhiteElo "2450"]
[BlackElo "2033"]
[EventDate "2002.09.22"]

1. e4 d5 2. exd5 Qxd5 3. Nc3 Qa5 4. d4 Bf5 5. Nf3 Nf6 6. Ne5 Nbd7 7. Nc4
Qa6 8. Bf4 Qe6+ 9. Ne3 Bg4 10. d5 Qb6 11. Nxg4 Nxg4 12. Qxg4 Qxb2 13. Kd2
Qxa1 14. Bb5 f5 15. Qxf5 Qxh1 16. Qxd7+ 1-0

[Event "ECC"]
[Site "Halkidiki GRE"]
[Date "2002.09.26"]
[Round "5"]
[White "Sherwin,J"]
[Black "Atalik,S"]
[Result "0-1"]
[WhiteElo "2344"]
[BlackElo "2551"]
[EventDate "2002.09.22"]

1. d4 e6 2. c4 Bb4+ 3. Bd2 a5 4. Nf3 d6 5. e4 Nf6 6. Bxb4 axb4 7. Nbd2 O-O
8. Qc2 Qe7 9. Be2 e5 10. dxe5 dxe5 11. O-O c5 12. Rfe1 Nc6 13. Nb3 b6 14.
Nfd2 Bb7 15. Nf1 Nd4 16. Nxd4 cxd4 17. Bd3 Nd7 18. Qd2 Ra7 19. Ng3 Rfa8 20.
Nf5 Qf8 21. Bb1 g6 22. Ng3 Nc5 23. Qxb4 Ra4 24. Qd2 Nb3 25. axb3 Rxa1 26.
h4 h5 27. Nf1 Qd8 28. g3 Qd7 29. f3 Qh3 30. Qg5 Re8 31. Qf6 Re6 32. Qg5 Kg7
33. Qd2 Rd6 34. Qd3 Rd8 35. Rd1 Ba6 36. Qd2 Rc8 37. Qb4 Rc6 38. Qe7 Re6 39.
Qd8 Rf6 40. Bc2 Ra2 41. f4 Rxb2 42. Rd2 Bb7 43. Qe7 d3 44. Qxe5 Rxc2 0-1

[Event "ECC"]
[Site "Halkidiki GRE"]
[Date "2002.09.26"]
[Round "5"]
[White "Blagojevic,D"]
[Black "Beaumont,C"]
[Result "1-0"]
[WhiteElo "2537"]
[BlackElo "2318"]
[EventDate "2002.09.22"]

1. d4 g6 2. c4 Bg7 3. Nf3 d6 4. g3 Nd7 5. Bg2 e5 6. Nc3 Ne7 7. O-O O-O 8.
e4 exd4 9. Nxd4 Nc6 10. Nde2 Nc5 11. Be3 Re8 12. Qd2 Ne5 13. b3 Bh3 14.
Rad1 Bxg2 15. Kxg2 Qc8 16. f3 h5 17. Nd5 h4 18. gxh4 c6 19. Ndc3 Rd8 20.
Ng3 a6 21. h5 b5 22. hxg6 fxg6 23. f4 Ng4 24. Bd4 bxc4 25. Bxg7 Kxg7 26.
Qd4+ Kh7 27. h3 Ne6 28. Qd2 Nh6 29. f5 gxf5 30. exf5 Nc5 31. b4 Nd3 32.
Nce4 Nf7 33. Qe2 Nde5 34. Nxd6 Rxd6 35. Rxd6 Nxd6 36. Qxe5 Nf7 37. Qf6 Qc7
38. Qg6+ Kh8 39. f6 Ne5 40. Qh5+ Kg8 41. Rf5 1-0

[Event "ECC"]
[Site "Halkidiki GRE"]
[Date "2002.09.26"]
[Round "5"]
[White "Burgess,G"]
[Black "Varga,Zo"]
[Result "0-1"]
[WhiteElo "2309"]
[BlackElo "2528"]
[EventDate "2002.09.22"]

1. d4 d5 2. c4 dxc4 3. Nf3 Nf6 4. Nc3 a6 5. e4 b5 6. e5 Nd5 7. a4 e6 8.
axb5 Nb6 9. Be2 Bb7 10. O-O Be7 11. Be3 O-O 12. Nd2 axb5 13. Nxb5 Rxa1 14.
Qxa1 Qd5 15. Bf3 Qxb5 16. Bxb7 c6 17. Qa7 Nd5 18. Ne4 Qxb2 19. Bc1 Qb3 20.
Nd6 Bxd6 21. exd6 Nc3 22. Ba8 Ne2+ 23. Kh1 Qd3 24. Ba3 Nxd4 0-1

[Event "ECC"]
[Site "Halkidiki GRE"]
[Date "2002.09.26"]
[Round "5"]
[White "Kosic,D"]
[Black "Collier,D"]
[Result "1-0"]
[WhiteElo "2542"]
[BlackElo "2274"]
[EventDate "2002.09.22"]

1. Nf3 Nf6 2. g3 b6 3. d4 e6 4. Bg2 Bb7 5. c4 Be7 6. O-O O-O 7. Nc3 d5 8.
cxd5 exd5 9. b3 Nbd7 10. Bb2 Re8 11. Rc1 c6 12. Qc2 Bd6 13. Nh4 Rc8 14. Nf5
Bf8 15. Qd2 g6 16. Nh6+ Kg7 17. f3 Ng8 18. Ng4 Kh8 19. e4 Bg7 20. e5 f5 21.
Nf2 Nf8 22. f4 Ne6 23. Rfd1 Bf8 24. Ne2 a5 25. Qd3 Nh6 26. h3 Be7 27. Rc2
Rg8 28. Bc1 Ra8 29. a4 Qf8 30. Qf3 Nf7 31. g4 Ng7 32. Nh1 Nh6 33. Nhg3 Qd8
34. Nf1 Rf8 35. Nh2 Qd7 36. Qg3 Ne6 37. Be3 Rac8 38. Nf3 Ba6 39. g5 Nf7 40.
h4 Kg7 41. h5 Rh8 42. Nh4 Rcg8 43. Qh3 Nc7 44. Ng3 Bc8 45. Rdc1 Nd8 46. Qh1
Ba6 47. h6+ Kf8 48. Bh3 Bd3 49. Rd2 Be4 50. Nxe4 dxe4 51. Qxe4 Nd5 52. Qf3
Bb4 53. Rdc2 Ba3 54. Ra1 Bb4 55. Rac1 Ba3 56. Rd1 Ke7 57. Bf1 Ne6 58. Bc4
Rc8 59. Ng2 Rhd8 60. Bf2 b5 61. Bxd5 cxd5 62. Rxc8 Rxc8 63. Ne3 Kf7 64.
Qxd5 Qxd5 65. Nxd5 bxa4 66. bxa4 Rd8 67. Nf6 Nxf4 68. d5 Nh3+ 69. Kg2 Nxg5
70. Bh4 1-0

[Event "ECC"]
[Site "Halkidiki GRE"]
[Date "2002.09.26"]
[Round "5"]
[White "Hadzic,A"]
[Black "Dilleigh,S"]
[Result "1/2-1/2"]
[WhiteElo "2153"]
[BlackElo "2164"]
[EventDate "2002.09.22"]

1. e4 e5 2. Nc3 Nf6 3. f4 d5 4. fxe5 Nxe4 5. Nf3 Bc5 6. d4 Bb4 7. Bd2 Bxc3
8. bxc3 Bg4 9. Be2 O-O 10. O-O Nc6 11. Bd3 f5 12. exf6 Nxf6 13. Qe1 Qd7 14.
Qh4 Rae8 15. c4 Bxf3 16. Rxf3 Qg4 17. Bxh7+ Kh8 18. Qxg4 Nxg4 19. Rh3 Nh6
20. Bd3 dxc4 21. Bxc4 Nxd4 22. Bd3 Ne2+ 23. Kh1 Nf4 24. Bxf4 Rxf4 25. g3
Rd4 26. Rh5 b6 27. h3 c5 28. g4 c4 29. Bg6 Re2 30. Rf1 Kg8 31. Kg1 Rdd2 32.
Rf3 Re1+ 33. Rf1 Ree2 34. Rf3 Re1+ 1/2-1/2

[Event "ECC"]
[Site "Halkidiki GRE"]
[Date "2002.09.26"]
[Round "5"]
[White "Gofshtein,Z"]
[Black "Cobb,C"]
[Result "1/2-1/2"]
[WhiteElo "2519"]
[BlackElo "2313"]
[EventDate "2002.09.22"]

1. d4 Nf6 2. c4 e6 3. Nf3 d5 4. Nc3 dxc4 5. Bg5 Bb4 6. e4 c5 7. Bxc4 cxd4
8. Nxd4 Bxc3+ 9. bxc3 Qa5 10. Bb5+ Bd7 11. Bxf6 gxf6 12. Qb3 a6 13. Be2 Nc6
14. O-O Qc7 15. Qa3 Na5 16. Rac1 Rc8 17. c4 Qc5 18. Qc3 Ke7 19. Rfd1 Rhd8
20. Nf3 Bc6 21. e5 f5 22. Ne1 Be4 23. Qg3 Rxd1 24. Rxd1 Nxc4 25. Qg5+ Ke8
26. Bxc4 Qxc4 27. Qg8+ Ke7 28. Qg5+ Ke8 29. Qg8+ Ke7 1/2-1/2

[Event "ECC"]
[Site "Halkidiki GRE"]
[Date "2002.09.26"]
[Round "5"]
[White "Zoler,D"]
[Black "Spice,A"]
[Result "1-0"]
[WhiteElo "2503"]
[BlackElo "2171"]
[EventDate "2002.09.22"]

1. d4 e6 2. c4 f5 3. g3 Nf6 4. Bg2 Be7 5. Nf3 d6 6. b3 O-O 7. O-O Qe8 8.
Nc3 a5 9. Bb2 c6 10. Rc1 Na6 11. Re1 Qh5 12. e3 Bd7 13. Ne2 Ne4 14. Nf4 Qf7
15. a3 Bf6 16. Qe2 Rae8 17. Red1 Bc8 18. Nd3 Qh5 19. Qe1 Bd8 20. c5 d5 21.
Nfe5 Nb8 22. f3 Ng5 23. Bc3 a4 24. bxa4 Nd7 25. Ba5 Nxe5 26. Nxe5 Bf6 27.
Qf1 Re7 28. Rb1 Nf7 29. f4 g5 30. Rb3 Nh6 31. Bf3 g4 32. Be2 Rg7 33. Bb6
Nf7 34. Bc7 Nxe5 35. Bxe5 Bxe5 36. fxe5 Qg6 37. a5 h5 38. Qf4 h4 39. Kf2
hxg3+ 40. hxg3 Rh7 41. Rb6 Rh2+ 42. Ke1 Qh7 43. Kd2 Rg2 44. Re1 Kh8 45. a6
bxa6 46. Rxc6 Rg8 47. Rb6 Qh2 48. Rbb1 Rf2 49. Rh1 Rxe2+ 50. Kc3 Rc2+ 51.
Kb4 Rb2+ 52. Ka5 1-0

[Event "ECC"]
[Site "Halkidiki GRE"]
[Date "2002.09.26"]
[Round "5"]
[White "Borg,A"]
[Black "Finkel,A"]
[Result "0-1"]
[WhiteElo "2124"]
[BlackElo "2485"]
[EventDate "2002.09.22"]

1. d4 g6 2. c4 Bg7 3. e4 d6 4. Nc3 Nc6 5. Be3 Nf6 6. h3 O-O 7. Nf3 e5 8.
dxe5 Nxe5 9. Nxe5 dxe5 10. Qxd8 Rxd8 11. Be2 c6 12. O-O Be6 13. Rfd1 Rxd1+
14. Rxd1 Kf8 15. g4 Ke8 16. Kg2 Bf8 17. f3 Be7 18. b3 Nd7 19. Na4 f6 20.
Rh1 Bf7 21. Rd1 b6 22. Nb2 Bc5 23. Kf2 Ke7 24. Nd3 Bxe3+ 25. Kxe3 Nf8 26.
f4 exf4+ 27. Nxf4 g5 28. Nd3 Ng6 29. c5 b5 30. Bf3 Rc8 31. Rd2 a5 32. Bd1
Rc7 33. Rf2 h6 34. Rb2 Bg8 35. Rf2 Bh7 36. Bc2 Ke6 37. Rd2 Rd7 38. Bb1 Nf4
39. Nf2 Ng2+ 40. Ke2 Rxd2+ 41. Kxd2 Ke5 42. a3 Kd4 43. Bc2 Kxc5 44. Kc3 b4+
45. axb4+ axb4+ 46. Kd2 Kd4 0-1

[Event "ECC"]
[Site "Halkidiki GRE"]
[Date "2002.09.26"]
[Round "5"]
[White "Davies,Pe"]
[Black "Bitansky,I"]
[Result "0-1"]
[WhiteElo "2058"]
[BlackElo "2337"]
[EventDate "2002.09.22"]

1. e4 d5 2. exd5 Qxd5 3. d4 Nf6 4. Nf3 c6 5. Be2 Bf5 6. O-O e6 7. Bf4 Nbd7
8. c4 Qa5 9. Nc3 Bb4 10. Qb3 O-O 11. a3 Bxc3 12. bxc3 Qb6 13. Qa2 c5 14.
Rfd1 Ne4 15. Rac1 h6 16. Be3 Rad8 17. h3 Rfe8 18. Nd2 e5 19. Nf3 Qe6 20.
dxe5 Nxe5 21. Rd5 Nc6 22. Bf1 b6 23. Qb3 Qf6 24. Nd2 Ng5 25. Bxg5 Qxg5 26.
Nf3 Qxc1 0-1

[Event "ECC"]
[Site "Halkidiki GRE"]
[Date "2002.09.26"]
[Round "5"]
[White "Horvath,Jo"]
[Black "Stanec,N"]
[Result "0-1"]
[WhiteElo "2535"]
[BlackElo "2523"]
[EventDate "2002.09.22"]

1. Nf3 Nf6 2. c4 g6 3. Nc3 Bg7 4. d4 O-O 5. g3 c5 6. Bg2 cxd4 7. Nxd4 Nc6
8. Nc2 Ng4 9. Bd2 d6 10. O-O Bd7 11. b3 a6 12. a4 Rb8 13. Rb1 Nf6 14. Qc1
Qb6 15. Bg5 Rfe8 16. Rd1 Qa5 17. b4 Qe5 18. Rb3 Bf5 19. e4 Nxe4 20. Re1
Nxc3 21. Rxe5 Bxe5 22. Kh1 Ne2 23. Qd1 Bxc2 24. Qxc2 Ned4 25. Qd3 Nxb3 26.
Qxb3 Bg7 27. h4 Kf8 28. Bh3 a5 29. b5 Nd4 30. Qe3 e6 31. Qa3 Kg8 32. Qxd6
b6 33. Bg2 h6 34. Bf4 e5 35. Be3 Nf5 36. Qc7 Nxe3 37. fxe3 e4 38. Bxe4 Be5
39. Qd7 Rbd8 40. Qa7 Rd1+ 41. Kh2 Re6 42. c5 Rd2+ 43. Kh3 Re2 44. cxb6 Rxe3
45. Bf3 Kg7 46. Kg2 Rf6 47. b7 Rexf3 48. b8=Q Rxg3+ 49. Kh2 Bxb8 50. Qxb8
Rg4 51. h5 Rh4+ 52. Kg3 Rxa4 53. hxg6 Rxg6+ 54. Kf3 Rb4 55. Qe5+ Rf6+ 56.
Ke2 a4 57. Qg3+ Kh7 58. Qd3+ Kg8 59. Qd8+ Kg7 60. Qa5 Rb2+ 61. Ke3 Rb3+ 62.
Ke4 a3 63. Qa4 Rg3 64. Qa7 Rg4+ 65. Ke3 Rb4 66. Qxa3 Rxb5 67. Qa1 Rg5 68.
Ke4 h5 69. Qc3 Rg4+ 70. Ke5 Rff4 71. Kd5+ Kg6 72. Qh8 Rg5+ 73. Kd6 h4 74.
Ke7 Rgf5 75. Kf8 Kg5 76. Qg8+ Kh5 77. Qg2 Rf3 78. Qe2 h3 79. Kg7 Kh4 80.
Qe1+ Rf2 81. Qe4+ R5f4 82. Qh7+ Kg3 83. Qd3+ Kg2 84. Qd5+ R4f3 85. Kh6 f5
86. Qg8+ Kh1 87. Kh5 f4 88. Kh4 h2 89. Qg4 Rg3 90. Qd1+ Kg2 0-1

[Event "ECC"]
[Site "Halkidiki GRE"]
[Date "2002.09.26"]
[Round "5"]
[White "Watzka,H"]
[Black "Pilaj,H"]
[Result "1/2-1/2"]
[WhiteElo "2351"]
[BlackElo "2312"]
[EventDate "2002.09.22"]

1. e4 c5 2. Nc3 Nc6 3. g3 g6 4. Bg2 Bg7 5. d3 d6 6. Nge2 Nf6 7. O-O O-O 8.
h3 Rb8 9. Be3 b5 10. Qd2 b4 11. Nd1 Re8 12. Bh6 Bh8 13. Ne3 Bb7 14. c4 bxc3
15. bxc3 1/2-1/2

[Event "ECC"]
[Site "Halkidiki GRE"]
[Date "2002.09.26"]
[Round "5"]
[White "Habibi,Al"]
[Black "Berndt,S"]
[Result "1/2-1/2"]
[WhiteElo "2279"]
[BlackElo "2482"]
[EventDate "2002.09.22"]

1. Nf3 Nf6 2. c4 g6 3. b3 Bg7 4. Bb2 O-O 5. g3 c6 6. Bg2 d5 7. O-O Bg4 8.
h3 Bxf3 9. Bxf3 Nbd7 10. d3 dxc4 11. bxc4 e5 12. Qc2 Re8 13. Nc3 Nc5 14.
Rab1 Qc7 15. Bg2 Rad8 16. Ba3 Bf8 17. Bb2 Bg7 18. Ba3 Nfd7 19. Rfd1 Bf8 20.
Bb2 Ne6 21. e3 Ndc5 22. Na4 Nxa4 23. Qxa4 Bc5 24. Qb3 Re7 1/2-1/2

[Event "ECC"]
[Site "Halkidiki GRE"]
[Date "2002.09.26"]
[Round "5"]
[White "Polzin,R"]
[Black "Hisler,T"]
[Result "1-0"]
[WhiteElo "2462"]
[BlackElo "2247"]
[EventDate "2002.09.22"]

1. e4 e5 2. Nf3 Nc6 3. Bb5 f5 4. Nc3 fxe4 5. Nxe4 d5 6. Nxe5 dxe4 7. Nxc6
Qg5 8. Qe2 Nf6 9. f4 Qh4+ 10. g3 Qh3 11. Ne5+ c6 12. Bc4 Bc5 13. d4 Bxd4
14. Be3 Bxe5 15. fxe5 Bg4 16. Qf1 Nd5 17. Bxd5 Qxf1+ 18. Rxf1 cxd5 19. Rf4
Bf3 20. Kd2 Ke7 21. a4 Ke6 22. c3 b6 23. a5 b5 24. a6 Rhb8 25. b4 Rc8 26.
Bd4 Rc6 27. Ra5 Rb8 28. g4 h6 29. h4 Rbc8 30. h5 Rb8 31. Ke3 Rbc8 32. Ra3
R6c7 33. Kd2 Ra8 34. Ra1 Rc6 35. Ke3 Rac8 36. Ra3 R6c7 37. Kf2 Ra8 38. Kg3
Rac8 39. Kh4 Ra8 40. Ra1 Rac8 41. Rg1 Rxc3 42. g5 Rc2 43. gxh6 Rh2+ 44. Kg3
Rxh5 45. hxg7 Rg5+ 46. Kh3 Rxg1 47. Rf6+ Ke7 48. Bxg1 Rg8 49. Bc5+ Kd7 50.
e6+ Kc7 51. Rf8 1-0

[Event "ECC"]
[Site "Halkidiki GRE"]
[Date "2002.09.26"]
[Round "5"]
[White "Poldauf,D"]
[Black "Schartz,A"]
[Result "1-0"]
[WhiteElo "2410"]
[BlackElo "2196"]
[EventDate "2002.09.22"]

1. c4 c5 2. g3 g6 3. Bg2 Bg7 4. Nc3 Nc6 5. a3 d6 6. e3 e5 7. Nge2 Nge7 8.
O-O O-O 9. d3 b6 10. b4 Bb7 11. Rb1 Rb8 12. Nd5 Nxd5 13. cxd5 Ne7 14. e4
Ba6 15. f4 Qd7 16. fxe5 Bxe5 17. Bh6 Bg7 18. Bxg7 Kxg7 19. Qd2 cxb4 20.
axb4 Bc8 21. Qc3+ Kg8 22. Nd4 a6 23. Ne6 fxe6 24. Rxf8+ Kxf8 25. Qh8+ Kf7
26. Qxh7+ Kf6 27. Qh8+ Kf7 28. Rf1+ Nf5 29. dxe6+ Qxe6 30. exf5 Qe3+ 31.
Kh1 gxf5 32. Qh7+ 1-0

[Event "ECC"]
[Site "Halkidiki GRE"]
[Date "2002.09.26"]
[Round "5"]
[White "Gaspar,L"]
[Black "Thiede,L"]
[Result "0-1"]
[WhiteElo "2142"]
[BlackElo "2416"]
[EventDate "2002.09.22"]

1. d4 g6 2. c4 Nf6 3. Nc3 Bg7 4. e4 d6 5. Be2 O-O 6. Bg5 c6 7. Qd2 a6 8. f4
b5 9. e5 b4 10. exf6 exf6 11. Bh4 bxc3 12. bxc3 Bf5 13. Nf3 Re8 14. O-O Qa5
15. Rfe1 Nd7 16. Bd3 Rxe1+ 17. Rxe1 Bxd3 18. Qxd3 Qxa2 19. Bg3 f5 20. Re2
Qa5 21. Bh4 Nf6 22. Bxf6 Bxf6 23. Rb2 Qc7 24. h3 a5 25. Qb1 a4 26. Qa2 c5
27. Rb5 a3 28. Kh2 Kg7 29. Kh1 Qe7 0-1

[Event "ECC"]
[Site "Halkidiki GRE"]
[Date "2002.09.26"]
[Round "5"]
[White "Winants,L"]
[Black "Seitaj,I"]
[Result "0-1"]
[WhiteElo "2504"]
[BlackElo "2406"]
[EventDate "2002.09.22"]

1. d4 d5 2. Nf3 e6 3. e3 c5 4. b3 Nc6 5. Bd3 Nf6 6. O-O Be7 7. Bb2 O-O 8.
Nbd2 b6 9. a3 Bb7 10. Qe2 Rc8 11. Ne5 Nd7 12. f4 f5 13. g4 Ndxe5 14. fxe5
g6 15. Rf2 Rc7 16. Raf1 Bh4 17. Rg2 Rg7 18. Nf3 Be7 19. c3 Na5 20. Bc2 Qc8
21. Rff2 Ba6 22. Qd1 Nc6 23. h4 Rff7 24. gxf5 gxf5 25. Ng5 Bxg5 26. hxg5
Ne7 27. a4 Ng6 28. Rh2 Qd8 29. Rfg2 f4 30. Rxh7 f3 31. Bxg6 f2+ 32. Rxf2
Qxg5+ 33. Rg2 Qxg2+ 0-1

[Event "ECC"]
[Site "Halkidiki GRE"]
[Date "2002.09.26"]
[Round "5"]
[White "Rama,L"]
[Black "Kocsis,Le"]
[Result "1/2-1/2"]
[WhiteElo "2348"]
[BlackElo "2392"]
[EventDate "2002.09.22"]

1. d4 Nf6 2. c4 g6 3. Nc3 d5 4. cxd5 Nxd5 5. Bd2 Bg7 6. e4 Nb6 7. Be3 O-O
8. Be2 f5 9. Nh3 Nc6 10. e5 Nb4 11. Qb3+ N4d5 12. Nf4 c6 13. h4 e6 14.
Ncxd5 Nxd5 15. Nxd5 exd5 16. f4 h5 17. Qc2 Qe8 18. Bd2 Qf7 19. Bb4 Re8 20.
Bd3 Kh7 21. O-O Bf8 22. Bxf8 Rxf8 23. g3 Qe7 24. Rfc1 Bd7 25. a3 a5 26. Qc5
Qxc5 27. dxc5 Ra7 28. Kf2 Kg7 29. Ke3 Kf7 30. Kd4 Ke6 31. b3 Rb8 32. Rab1
Rba8 33. Rb2 Rb8 34. Rcb1 Rba8 35. Bc2 Rb8 36. Rh1 Rh8 37. Bd1 Rf8 38. Bf3
Rd8 39. Rd2 Rh8 40. Kc3 Kf7 41. Bd1 Be6 42. Be2 Bd7 43. Re1 Raa8 44. Bd1
Ke6 45. Rd4 Ra6 46. Be2 Ra7 47. Ra4 Ke7 48. Bd3 Ke6 49. Bc2 Ra6 50. b4
axb4+ 51. Kxb4 Rxa4+ 52. Bxa4 Ke7 53. Bb3 Be6 54. a4 Kd7 55. a5 Kc7 56. Bc2
Bd7 57. Bd3 Be6 58. Rb1 Bd7 59. Rb2 Be6 60. a6 bxa6 61. Ka5 Bd7 1/2-1/2

[Event "ECC"]
[Site "Halkidiki GRE"]
[Date "2002.09.26"]
[Round "5"]
[White "Gulbas,C"]
[Black "Mehmeti,D"]
[Result "1/2-1/2"]
[WhiteElo "2301"]
[BlackElo "2302"]
[EventDate "2002.09.22"]

1. e4 c5 2. Nf3 d6 3. d4 cxd4 4. Nxd4 Nf6 5. Nc3 a6 6. Be3 e5 7. Nb3 Be6 8.
Qd2 Nbd7 9. f3 Be7 10. g4 b5 11. O-O-O Nb6 12. Na5 Qc7 13. g5 Nfd7 14. Nd5
Bxd5 15. exd5 Rc8 16. Kb1 Nxd5 17. Qxd5 Qxa5 18. h4 Qc7 19. Qe4 Qc6 20. Rd5
O-O 21. Bh3 Rc7 22. Rhd1 Nb6 23. Bxb6 Qxb6 24. Bf1 Rc5 25. Bd3 g6 26. Rxc5
Qxc5 27. f4 f5 28. Qb7 e4 29. Qxe7 exd3 30. Qe6+ Kg7 31. cxd3 Rc8 32. Qf6+
Kg8 33. Qe6+ Kg7 34. Qf6+ Kg8 35. Qe6+ Kg7 36. Qe2 Rc7 37. a3 b4 38. axb4
Qxb4 39. Qe6 Qd4 40. h5 gxh5 41. Re1 Kh8 42. Qxf5 Kg7 43. Re8 Rf7 44. Qc8
Qxd3+ 45. Kc1 Qf1+ 46. Kc2 Qg2+ 47. Kb1 Qh1+ 48. Kc2 1/2-1/2

[Event "ECC"]
[Site "Halkidiki GRE"]
[Date "2002.09.26"]
[Round "5"]
[White "Karkanaqe,I"]
[Black "Hautot,S"]
[Result "0-1"]
[WhiteElo "2375"]
[BlackElo "2273"]
[EventDate "2002.09.22"]

1. Nf3 d5 2. d4 Nf6 3. c4 c6 4. Nc3 dxc4 5. a4 Bf5 6. e3 e6 7. Bxc4 Bb4 8.
O-O Nbd7 9. Qb3 Qb6 10. e4 Bg4 11. Na2 Be7 12. Qe3 a5 13. b3 O-O 14. Bb2
Rfe8 15. Nc1 Bh5 16. Nd3 Bg6 17. Nd2 Nd5 18. Qh3 N7f6 19. exd5 exd5 20. Ne5
dxc4 21. Ndxc4 Qc7 22. Nxg6 hxg6 23. Rfe1 Qf4 24. g3 Qf3 25. Re3 Qg4 26.
Qg2 Bb4 27. Ne5 Qf5 28. Qf1 Rad8 29. Rd1 Qc2 30. Qe2 Qxe2 31. Rxe2 Ng4 32.
f4 f6 33. h3 Nh6 34. Rf1 fxe5 35. dxe5 Rd3 36. Kh2 Nf5 37. Rg2 Ne3 38. Rf3
Ng4+ 39. hxg4 Rxf3 40. g5 Rxb3 41. g4 Rd3 0-1